|
|
|
|
| LEADER |
00876nam a22002297a 4500 |
| 001 |
42247 |
| 003 |
BD-DhAAL |
| 005 |
20240215152845.0 |
| 008 |
240215t2005 enk||||| |||| 00| 0 eng d |
| 020 |
|
|
|a 1932590021
|
| 040 |
|
|
|a BD-DhAAL
|d BD-DhAAL
|
| 082 |
|
|
|a 170.835
|2 22
|
| 100 |
|
|
|a Feldman, Reynold.
|9 56029
|
| 245 |
|
|
|a Wising up :
|b a youth guide to good living /
|c Reynold Feldman and M. Jan Rumi.
|
| 264 |
|
|
|a Honolulu, Hawaii :
|b Wisdom Publication,
|c 2005
|
| 300 |
|
|
|a xxi,193 Pages :
|c 21 cm.
|
| 541 |
|
|
|a Donated By Rebecca Dipa Khan
|e 42247
|
| 650 |
|
|
|a Teenagers
|x Conduct of life.
|9 12171
|
| 700 |
|
|
|a Rumi, M. Jan.
|9 56030
|
| 942 |
|
|
|2 ddc
|c BK
|
| 999 |
|
|
|c 46407
|d 46407
|
| 952 |
|
|
|0 0
|1 0
|2 ddc
|4 0
|6 170_835000000000000_FEL
|7 0
|9 75140
|a BRACUL
|b BRACUL
|c GEN
|d 2024-02-15
|e Donated By Rebecca Dipa Khan
|g 352.73
|l 1
|m 5
|o 170.835 FEL
|p 3010042247
|r 2025-07-22
|s 2025-06-25
|t 1
|w 2024-02-15
|y BK
|